000 03246cam a2200277 4500500
005 20251228082310.0
041 _afre
042 _adc
100 1 0 _aRauch, André
_eauthor
245 0 0 _aLes loisirs sous la tente
260 _c2001.
500 _a24
520 _aRésuméPlus qu’à une construction sociale, voire un idéal type, l’historien est sensible aux déconstructions successives d’une pratique de la nature.Plusieurs traditions pèsent sur les comportements des campeurs en France depuis la fin de la Grande Guerre. Chacune porte la marque d’un milieu socioculturel défini. C’est le cas du scoutisme qui se développe sous l’influence de la mission « Good Will ». Avec le Club alpin français et les autres sociétés ascensionnistes, le Touring Club de France développe par ailleurs l’intérêt pour les loisirs au grand air. Dès les années cinquante, enfin, le camping familial entre dans les mœurs. Alors que la proportion des séjours chez les parents ou les amis se réduit, le camping devient le mode d’hébergement qui permet d’abandonner les vacances de proximité et favorise le départ hors de la région.
520 _aHistorians are more interested in a social construction, or even in an ideal-type than in succesive deconstructions of a practice of nature.Several traditions have been influencing campers’ behaviours in France since the end of the Great War. Each of them bears marks of a definite sociocultural milieu, like scouting that developed under the influence of the Good Will mission. Moreover, together with the Club alpin français and other climbing clubs the Touring Club de France takes an active interest in open-air leisure activities. From the 50s camping with the family becomes normal practice. While the proportion of stays with the family or friends decreases, camping becomes a mode of accomodation that enables people to spend their holidays in more distant places.
520 _aZusammenfassungHistoriker sind mehr interessiert an einer sozialen Konstruktion, an einem Idealtypen, als an den suksessiven Dekonstruktionen einer Praxis der Natur. Mehrere Traditionen beinflussen das Verhalten der Camper in Frankreich seit dem Ende der Grossen Krieges. Jede ist von einem bestimmten soziokulturellen Milieu geprägt. Dies ist der Fall der Pfadfinderbewegung, die sich unter dem Einfluss der Good Will Mission entwickelt hat. Überdies interessiert sich der Touring Club de France zusammen mit dem Club alpin français und anderen Kletternvereinen an Freizeitbeschäftigungen im Freien. Ab den 50er Jahren ist Campen mit der Familie üblich geworden. Während die Zahl der Aufenthälte bei Eltern oder Freunden abnimmt, wird Campen eine Unterbringungsart, die ermöglicht Ferien in ferneren Örtern zu verbringen.
690 _acamp scout
690 _acamping
690 _aclub de vacances
690 _aloisirs de nature
690 _acamping
690 _aholiday village
690 _aleisure open-air activities
690 _ascout campsite
786 0 _nEthnologie française | 31 | 4 | 2001-12-01 | p. 599-605 | 0046-2616
856 4 1 _uhttps://shs.cairn.info/revue-ethnologie-francaise-2001-4-page-599?lang=fr&redirect-ssocas=7080
999 _c1599261
_d1599261